000 00204nam a2200085Ia 4500
008 120527s9999 xx 000 0 und d
100 _aHalverson, H.W
245 _aConsice Readings in philosphy
942 _cBK
999 _c27386
_d27386